[Event "Sautron op 11th"]
[Site "Sautron"]
[Date "2011.10.28"]
[Round "8"]
[White "Biny, Pierre"]
[Black "Purenne, Benoit"]
[Result "0-1"]
[WhiteElo "1816"]
[BlackElo "2086"]
[PlyCount "42"]
[EventDate "2011.10.22"]
[EventType "swiss"]
[EventRounds "9"]
[EventCountry "FRA"]
[SourceTitle "EXT 2016"]
[Source "ChessBase"]
[SourceDate "2015.10.08"]
[SourceVersion "1"]
[SourceVersionDate "2015.10.08"]
[SourceQuality "1"]

1. e4 c5 2. Nf3 g6 3. d4 cxd4 4. Nxd4 Nc6 5. Nc3 Bg7 6. Be3 Nf6 7. Be2 0-0 8. Qd2 d5 9. Nxc6 bxc6 10. Rd1 Qc7 11. exd5 cxd5 12. 0-0 Rd8 13. f4 Bf5 14. Bd4 Rab8 15. Kh1 Ne4 16. Nxe4 dxe4 17. c3 Bxd4 18. cxd4 e3 19. Qxe3 Rxb2 20. Rc1 Qd6 21. Bc4 e6 0-1